02337nam a2200385 450000100030000000300040000300500170000700800410002404000080006504100130007308200150008610000440010124000240014524501120016925000200028126000320030130000110033349000340034450000580037852010970043665000290153365000190156265000170158165000170159865000250161565000200164065000140166065500160167465500200169070000350171083000390174594200150178495201410179999900110194067OSt20250528074010.0250123b |||||||j |||| 00| 1 eng d bpor hengapor a813bB811b1 aBradley, Marion Zimmer,d1930-19999169 aThe Mists of Avalon aAs brumas de Avalon:bO prisioneiro da Árvore /cBradley, Marion Zimmer ; Tradução de Waltensir Dutra a10° edição aRio de JaneirobImagoc1985 a283 p.1 aAs Brumas de Avalonvlivro 04 aO prisioneiro da Árvore Sequência de: O Gamo-Rei aO quarto livro encontra Morgana se aproximando do destino que a colocará intratavelmente contra Arthur — seu amante, irmão e agora inimigo. Retornando a Camelot durante a Festa de Pentecostes, Morgana acusa Arthur de comprometer a coroa e exige que ele devolva Excalibur a ela. Quando ele se recusa, Morgana organiza um confronto entre seu amante, Acolon, e Arthur no reino das Fadas, resultando na morte de Acolon. De luto e ainda sem Excalibur, Morgana faz uma retirada apressada para Avalon. Quando ela finalmente retorna a Camelot, é para recuperar as Sagradas Regalias de Avalon, agora sendo usadas em uma missa cristã. Enfurecida com essa traição, Morgana invoca a magia da Senhora, o que resulta no misterioso "desaparecimento" do cálice sagrado, levando os companheiros da Távola Redonda a embarcar em uma busca de 12 meses para encontrá-lo. Os eventos saem do controle quando Lancelote retorna, retoma seu relacionamento adúltero com Gwenhwyfar e é finalmente exposto. O romance termina com a morte do Rei Veado e o tão esperado retorno de Morgana a Avalon. 0aLiteratura Americana984 0aMedieval 9170 0aFantasia945 0aAventura947 0aSeres mágicos 946 0aMitologia 9128 0aFilme926 0aRomance923 0aFicção 922 aWaltensir DutraeTradutor9171 aAs Brumas de AvalonvLivro 049172 2ddcn0cBK 00102ddc3vol. 0440708FICaBIBIBbBIBIBcLEd2022-03-30edoaçãol0o813 / B811bp2025-16588r2025-01-23 08:06:13w2025-01-23yBK c67d67